| 000 | 00514 a2200157 4500 | ||
|---|---|---|---|
| 999 |
_c12964 _d12964 |
||
| 003 | OSt | ||
| 005 | 20240725144705.0 | ||
| 008 | 240725b ||||| |||| 00| 0 eng d | ||
| 020 | _a 978-0760370766 | ||
| 082 | _a690 | ||
| 100 | _a David Drazil | ||
| 245 | _aDraw Like an Artist: 100 Buildings and Architectural Forms: Step-by-Step Realistic Line Drawing - A Sourcebook for Aspiring Artists and Designers (Volume 6) (Draw Like an Artist, 6) | ||
| 260 |
_bQuarry Books _c2021 |
||
| 300 | _a112p; | ||
| 942 | _2ddc | ||